Loading...
| Religion | 0 | 4 | 0 | 2 | 40 | 92 | 107.50 | 0 | 0 | 2.08 | 10.17 |
| Geography | 0 | 2 | 0 | 0 | 20 | 29 | 69.50 | 0 | 1 | 10.80 | 14.68 |
| History - European | 0 | 2 | 2 | 1 | 10 | 93 | 105.00 | 0 | 1 | 2.04 | 9.34 |
| Mythology | 0 | 1 | 0 | 0 | 10 | 72 | 72.00 | 0 | 0 | 2.80 | 2.02 |
| History - American | 0 | 1 | 0 | 0 | 10 | 70 | 70.00 | 0 | 0 | 3.25 | 3.79 |
| Literature - European | 0 | 1 | 0 | 0 | 10 | 95 | 95.00 | 0 | 0 | 2.29 | 2.27 |
| Literature - World | 0 | 1 | 0 | 0 | 10 | 113 | 113.00 | 0 | 1 | 0.00 | 0.76 |
| Literature - British | 0 | 1 | 0 | 0 | 10 | 111 | 111.00 | 0 | 0 | 0.00 | 3.03 |
| History - World | 0 | 1 | 1 | 0 | 5 | 21 | 21.00 | 1 | 1 | 7.34 | 9.09 |
| Science - Chemistry | 0 | 1 | 1 | 0 | 5 | 93 | 93.00 | 0 | 0 | 0.00 | 1.65 |
| Fine Arts - Classical Music | 0 | 0 | 0 | 0 | 0 | 0.00 | 0 | 0 | 0.00 | 0.00 | |
| Popular Culture | 0 | 0 | 0 | 0 | 0 | 0.00 | 0 | 0 | 0.00 | 0.00 | |
| Science - Biology | 0 | 0 | 1 | 0 | -5 | 0.00 | 0 | 0 | 0.00 | 0.00 | |
| History - Other | 0 | 0 | 1 | 0 | -5 | 0.00 | 0 | 0 | 0.00 | 0.00 | |
| Science - Physics | 0 | 0 | 1 | 0 | -5 | 0.00 | 0 | 0 | 0.00 | 0.00 |